Statistiques concernant Mots en anglais #4

Cliquez ici pour prendre le quiz!

Statistiques générales

  • Ce quiz a été pris 144 fois
    (119 depuis la dernière actualisation)
  • Le résultat moyen est 6 sur 10

Statistiques - réponses

Mot FrançaisTraduction% Correct
Aiderhelp
100%
vachecow
95%
abeillebee
94%
Pardonnerforgive
77%
Regarderwatch
72%
tensiontension
67%
admirer( to)admire
38%
refaire( to)redo
33%
s'abonner ( to )suscribe
10%
énerver (to)annoy
7%

Distribution des résultats

Percentile par nombre de réponses

% des personnes avec chaque résultat

Votre développement - résultats

Vous n’avez pas pris ce quiz depuis la dernière actualisation